Defensa del capitán D. Manuel Sánchez López en la causa seguida contra él y su hija Luisa Sánchez Noguero, por el delito de robo, con ocasión del cual resultó homicidio (Record no. 143339)

MARC details
000 -LEADER
campo de control de longitud fija 00722nam a2200157 4500
001 - NÚMERO DE CONTROL
campo de control 143339
003 - IDENTIFICADOR DE NÚMERO DE CONTROL
campo de control ES-MaACL
005 - FECHA Y HORA DE LA ÚLTIMA TRANSACCIÓN
campo de control 20230906200802.0
007 - CAMPO FIJO DE DESCRIPCIÓN FÍSICA--INFORMACIÓN GENERAL
campo de control de longitud fija t|
008 - DATOS DE LONGITUD FIJA--INFORMACIÓN GENERAL
campo de control de longitud fija 070214s1913 sp r ||||1| spa d
100 1# - ENTRADA PRINCIPAL--NOMBRE DE PERSONA
Nombre de persona Serrano Batanero, José.
9 (RLIN) 105737
245 10 - MENCIÓN DEL TÍTULO
Título Defensa del capitán D. Manuel Sánchez López en la causa seguida contra él y su hija Luisa Sánchez Noguero, por el delito de robo, con ocasión del cual resultó homicidio
Resto del título : informe leído ante el Consejo de Guerra de Oficiales Generales el día 16 de septiembre de 1913 /
Mención de responsabilidad, etc. por José Serrano Batanero.
260 ## - PUBLICACIÓN, DISTRIBUCIÓN, ETC.
Lugar de publicación, distribución, etc. Madrid :
Nombre del editor, distribuidor, etc. [s. n.],
Fecha de publicación, distribución, etc. 1913 (
Fabricante Establecimiento Tipográfico de José Izquierdo)
300 ## - DESCRIPCIÓN FÍSICA
Extensión 45 p.
852 ## - LOCALIZACIÓN
Ubicación ES-MaACL
Número de control de estantería T-1378-F-5
Holdings
Estatus retirado Estado de pérdida Estado de daño No para préstamo Colección Biblioteca de origen Biblioteca actual Ubicación en estantería Fecha de adquisición Fuente de adquisición Total de préstamos Signatura topográfica completa Código de barras Visto por última vez Precio de reemplazo Tipo de ítem Koha
        Colección de folletos Biblioteca del Ateneo de Madrid Biblioteca del Ateneo de Madrid Depósito folletos 17/01/2008     T-1378-F-5 1149134 23/02/2023 23/02/2023 Folleto